Comptes rendus des seances de la quatrième conference reunie áa Stockholm du 14 au 23 aout 1930 / (Record no. 46294)

MARC details
000 -LEADER
campo de control de longitud fija 00654nam a2200181 i 4500
001 - NÚMERO DE CONTROL
campo de control 46294
003 - IDENTIFICADOR DE NÚMERO DE CONTROL
campo de control ES-MaACL
005 - FECHA Y HORA DE LA ÚLTIMA TRANSACCIÓN
campo de control 20230906161346.0
007 - CAMPO FIJO DE DESCRIPCIÓN FÍSICA--INFORMACIÓN GENERAL
campo de control de longitud fija t|
008 - DATOS DE LONGITUD FIJA--INFORMACIÓN GENERAL
campo de control de longitud fija 030328s1931 fr ||||1| fre d
245 00 - MENCIÓN DEL TÍTULO
Título Comptes rendus des seances de la quatrième conference reunie áa Stockholm du 14 au 23 aout 1930 /
Mención de responsabilidad, etc. redigée par E. Rothe.
260 ## - PUBLICACIÓN, DISTRIBUCIÓN, ETC.
Lugar de publicación, distribución, etc. Toulouse :
Nombre del editor, distribuidor, etc. Edomont Privat,
Fecha de publicación, distribución, etc. 1931.
300 ## - DESCRIPCIÓN FÍSICA
Extensión 330 p. ;
Dimensiones 25 cm.
500 ## - NOTA GENERAL
Nota general Precede al tít: Union Gedesique et Geophysique Internationale Section de Seismologie.
710 2# - ENTRADA AGREGADA--NOMBRE DE ENTIDAD CORPORATIVA
Nombre de entidad corporativa o nombre de jurisdicción como elemento de entrada Union Géodesique et Géophysique Internationale.
9 (RLIN) 194515
852 ## - LOCALIZACIÓN
Ubicación ES-MaACL
Número de control de estantería A-117
Holdings
Estatus retirado Estado de pérdida Estado de daño No para préstamo Biblioteca de origen Biblioteca actual Ubicación en estantería Fecha de adquisición Fuente de adquisición Total de préstamos Signatura topográfica completa Código de barras Visto por última vez Precio de reemplazo Tipo de ítem Koha
        Biblioteca del Ateneo de Madrid Biblioteca del Ateneo de Madrid Sala Pecera Planta 1 17/01/2008     A-117 1048691 23/02/2023 23/02/2023 Libro impreso